00631nam a22002057a 45000010005000000030009000050050017000140070005000310080037000360200018000730400022000910410013001131000028001262400032001542450115001862600042003013000027003437000025003707000030003950074DO-SdBNP20180131152224.00074151026b 1999 sp 00| 0 spa d a9788427234512 aBPMSUbspacBPMSU17aspaheng10aBlyton, Enidd1897-19681 aThe twins at St. Clare´s /14aLas mellizas cambian de colegio /cEnid Blyton ; traducción Isabel Franco ; ilustración José María Bea aBarcelona, España :bMolino,c1999. a181 p. :bil.,c18 cm.10aFranco, Isabel,etr.10aBea, José María,eil.